| 000 | 00755nam a22001937a 4500 | ||
|---|---|---|---|
| 999 |
_c59502 _d59502 |
||
| 003 | Ge_BSU | ||
| 005 | 20230301154249.0 | ||
| 008 | 230301s1977 ge ||||| |||| 00| 0 geo d | ||
| 041 | _ageo | ||
| 080 | _a616.89(038) ს-45 | ||
| 100 |
_aსვანი, ბ. _917091 |
||
| 245 |
_aფსიქიატრიის განმარტებითი ლექსიკონი / _c ბ. სვანი, ე. ნაკაშიძე. |
||
| 264 |
_aთბილისი : _b საბჭ. საქართველო, _c1977. |
||
| 300 |
_a86 გვ. ; _b20 სმ. |
||
| 653 | _aფსიქიატრია | ||
| 653 | _aლექსიკონი | ||
| 700 |
_aნაკაშიძე, ე. _eავტორი _917092 |
||
| 942 |
_2udc _cBK |
||